00295 a2200109 4500001000700000020000600007040001100013100001700024240007000041245006500111362000900176168189 a  cMagnum aClark, Nancy10aGuia de nutricao desportiva: alimentacao para uma vida ativalpor10aGuia de nutricao desportiva: alimentacao para uma vida ativa0 a1899